Patrimoines des pays par images - Statistiques

Statistiques générales
  • Ce quiz a été pris 54 fois
  • Le résultat moyen est 8 sur 16
Statistiques - réponses
Par images Réponse % Correct
Pérou
92%
Jordanie
90%
Australie
86%
Chine
84%
Cambodge
63%
Etats-Unis
61%
France
55%
Indonésie
37%
Italie
37%
Portugal
35%
Ukraine
35%
Norvège
31%
Autriche
29%
Zimbabwe | Zambie
22%
Nouvelle-Zélande
14%
Sénégal
6%
Aucun quiz correspondant
Distribution des résultats
% des personnes avec chaque résultat
Percentile par nombre de réponses
Votre historique - résultats
Vous n’avez pas pris ce quiz